Oh, the places you'll go! (Record no. 299)

MARC details
000 -LEADER
fixed length control field 01216nam a22003737a 4500
001 - CONTROL NUMBER
control field 299
003 - CONTROL NUMBER IDENTIFIER
control field FISKH
005 - DATE AND TIME OF LATEST TRANSACTION
control field 20230320092151.0
008 - FIXED-LENGTH DATA ELEMENTS--GENERAL INFORMATION
fixed length control field 230317b cb ||||| |||| 00| 0 eng d
020 ## - INTERNATIONAL STANDARD BOOK NUMBER
International Standard Book Number 0679805273
020 ## - INTERNATIONAL STANDARD BOOK NUMBER
International Standard Book Number 9780679805274
020 ## - INTERNATIONAL STANDARD BOOK NUMBER
International Standard Book Number 9780553520583
020 ## - INTERNATIONAL STANDARD BOOK NUMBER
International Standard Book Number 055352058X
035 ## - SYSTEM CONTROL NUMBER
System control number (OCoLC)ocn521210568
040 ## - CATALOGING SOURCE
Original cataloging agency ZGH
Language of cataloging eng
Transcribing agency ZGH
Modifying agency O8F
-- OCLCF
-- CDS
-- HPLAL
-- DLC
-- FISKH
050 00 - LIBRARY OF CONGRESS CALL NUMBER
Classification number PZ8.G276
082 ## - DEWEY DECIMAL CLASSIFICATION NUMBER
Classification number 813.54
100 1# - MAIN ENTRY--PERSONAL NAME
Personal name Geisel, Theodor
Titles and words associated with a name Dr.
Fuller form of name Theodor Seuss Geisel
245 10 - TITLE STATEMENT
Title Oh, the places you'll go!
246 3# - VARYING FORM OF TITLE
Title proper/short title Oh, the places I will go!
264 #1 - PRODUCTION, PUBLICATION, DISTRIBUTION, MANUFACTURE, AND COPYRIGHT NOTICE
Place of production, publication, distribution, manufacture New York
Name of producer, publisher, distributor, manufacturer Random House
Date of production, publication, distribution, manufacture, or copyright notice 2010
264 #4 - PRODUCTION, PUBLICATION, DISTRIBUTION, MANUFACTURE, AND COPYRIGHT NOTICE
Date of production, publication, distribution, manufacture, or copyright notice 1990
300 ## - PHYSICAL DESCRIPTION
Extent 26 leaves of plates
Other physical details color illustrations ;
Dimensions 30 cm.
336 ## - CONTENT TYPE
Content type term text
Content type code txt
Source rdacontent
336 ## - CONTENT TYPE
Content type term still image
Content type code sti
Source rdacontent
337 ## - MEDIA TYPE
Media type term unmediated
Media type code n
Source rdamedia
338 ## - CARRIER TYPE
Carrier type term volume
Carrier type code nc
Source rdacarrier
520 ## - SUMMARY, ETC.
Summary, etc. Advice in rhyme for proceeding in life; weathering fear, loneliness, and confusion; and being in charge of your actions.
521 8# - TARGET AUDIENCE NOTE
Target audience note 600 <br/>
Source Lexile AD <br/>
521 8# - TARGET AUDIENCE NOTE
Target audience note O <br/>
Source Raz-Plus
700 1# - ADDED ENTRY--PERSONAL NAME
Personal name Seuss,
Titles and other words associated with a name Dr.
Title of a work Oh, the places you'll go!
906 ## - LOCAL DATA ELEMENT F, LDF (RLIN)
a 7
b cbc
c copycat
d 4
e ncip
f 20
g y-gencatlg
942 ## - ADDED ENTRY ELEMENTS (KOHA)
Source of classification or shelving scheme Dewey Decimal Classification
Koha item type Books
Suppress in OPAC No
Holdings
Withdrawn status Lost status Source of classification or shelving scheme Damaged status Not for loan Collection Home library Current library Shelving location Date acquired Total Checkouts Full call number Barcode Date last seen Date last checked out Price effective from Koha item type
    Dewey Decimal Classification     Juvenile Fiction Footprints International School Library Network Toul Kork Campus Footprints International School Library Network Toul Kork Campus TK Primary Library Room(4th Floor), Bookcase 3&4, Shelves 17-32, Yellow Books 03/17/2023 7 GEI 813.54 PZ8.G276 2023-0039 06/05/2025 03/13/2025 03/17/2023 Books